000 00688nam a2200277Ia 4500
005 20260324140620.0
008 008 260324s9999 xx 000 0 eng d
020 _a9781315052656
037 _aEBOOK
040 _aCRL
040 _beng
040 _cCRL
041 _2eng
041 _aeng
084 _qCRL
100 _aTrevor Boyns; John R. Edwards; Marc Nikitin
_91205078
245 4 _aThe Birth of Industrial Accounting in France and Britain
260 _bTaylor and Francis
260 _c1998
365 _a
365 _b195
856 _uhttp://www.taylorfrancis.com/books/9781315052656
942 _cEBOOK
999 _c1807320
_d1807320